[Event "FIDE World Senior Team Championship 2020"]
[Site "Olympik hotel, Sokolovska 138, Prague"]
[Date "2020.03.10"]
[Round "5.1.1"]
[White "Kaidanov, Gregory"]
[Black "Hracek, Zbynek"]
[Result "1-0"]
[WhiteElo "2546"]
[BlackElo "2572"]
[PlyCount "123"]
[WhiteTeam "USA1"]
[BlackTeam "CZE1"]
[EventDate "2020.03.06"]

1. Nf3 c5 2. c4 Nf6 3. g3 b6 4. Bg2 Bb7 5. O-O e6 6. Nc3 Be7 7. Re1 d5 8. cxd5
Nxd5 9. e4 Nb4 10. d4 cxd4 11. Nxd4 N8c6 12. Nxc6 Nxc6 13. Bf4 O-O 14. e5 Na5
15. Bxb7 Nxb7 16. Qg4 Kh8 17. Red1 Qe8 18. Qe2 Qc6 19. Nb5 Rfd8 20. Rxd8+ Bxd8
21. Rc1 Qd5 22. Rd1 Qc6 23. Nd4 Qd7 24. Qf3 Qd5 25. Qxd5 exd5 26. Nb5 Kg8 27.
Rxd5 a6 28. Nd6 Nxd6 29. Rxd6 Kf8 30. Be3 b5 31. f4 Ke8 32. Kf1 h5 33. Ke2 g6
34. h3 Be7 35. Rb6 Bd8 36. Rc6 Be7 37. Bb6 Kd7 38. Rc7+ Ke6 39. Ke3 a5 40. Ke4
f5+ 41. Ke3 h4 42. gxh4 Rh8 43. Rc6+ Kd5 44. Rxg6 Rxh4 45. Rg3 a4 46. Kf3 Bb4
47. Bd8 Rh8 48. Bf6 Rc8 49. h4 Rc1 50. Rg2 Rf1+ 51. Rf2 Rg1 52. Re2 Be1 53. Re3
Ke6 54. h5 Bb4 55. h6 Rh1 56. Bg7 Rh3+ 57. Ke2 Rh4 58. Rd3 Be7 59. Rd1 b4 60.
b3 a3 61. Kf3 Kf7 62. Rd7 1-0

[Event "FIDE World Senior Team Championship 2020"]
[Site "Olympik hotel, Sokolovska 138, Prague"]
[Date "2020.03.10"]
[Round "5.1.2"]
[White "Haba, Petr"]
[Black "Benjamin, Joel"]
[Result "1/2-1/2"]
[WhiteElo "2470"]
[BlackElo "2508"]
[PlyCount "92"]
[WhiteTeam "CZE1"]
[BlackTeam "USA1"]
[EventDate "2020.03.06"]

1. e4 e5 2. Nf3 Nc6 3. Nc3 Nf6 4. d4 exd4 5. Nxd4 Bb4 6. Nxc6 bxc6 7. Bd3 O-O
8. O-O Re8 9. Bg5 Qe7 10. Qf3 Bxc3 11. bxc3 d6 12. Bxf6 Qxf6 13. Qxf6 gxf6 14.
Rfb1 Re5 15. Rb3 Ra5 16. f4 Kf8 17. Kf2 Ke7 18. Ke3 Ba6 19. a4 Bc8 20. Rab1
Rxa4 21. Rb8 Rxb8 22. Rxb8 Ba6 23. Bxa6 Rxa6 24. Rh8 Ra2 25. Kd3 Ra1 26. Rxh7
Rd1+ 27. Ke3 Rc1 28. Kd3 Rd1+ 29. Ke3 Rg1 30. g3 Rg2 31. Kd3 a5 32. Rh8 a4 33.
c4 a3 34. f5 a2 35. Ra8 Rxh2 36. Rxa2 Rg2 37. Ra8 Rxg3+ 38. Kd2 Rg2+ 39. Kd3
Rg3+ 40. Kd2 Rg4 41. Kd3 c5 42. Rc8 Kd7 43. Rf8 Rg7 44. Kd2 Rh7 45. Kd3 Ke7 46.
Rc8 Kd7 1/2-1/2

[Event "FIDE World Senior Team Championship 2020"]
[Site "Olympik hotel, Sokolovska 138, Prague"]
[Date "2020.03.10"]
[Round "5.1.3"]
[White "Novikov, Igor"]
[Black "Velicka, Petr"]
[Result "1/2-1/2"]
[WhiteElo "2551"]
[BlackElo "2425"]
[PlyCount "110"]
[WhiteTeam "USA1"]
[BlackTeam "CZE1"]
[EventDate "2020.03.06"]

1. d4 d5 2. c4 c6 3. Nf3 Nf6 4. Nc3 e6 5. Bg5 Nbd7 6. cxd5 exd5 7. e3 Bd6 8.
Qc2 O-O 9. Bd3 h6 10. Bh4 Re8 11. O-O-O Qa5 12. Kb1 Bb4 13. Nd2 Bxc3 14. Qxc3
Qxc3 15. bxc3 Ne4 16. Kc2 Nxd2 17. Kxd2 Nb6 18. Rb1 Nc4+ 19. Bxc4 dxc4 20. f3
f5 21. h3 b6 22. g4 Rf8 23. g5 Be6 24. gxh6 gxh6 25. Be7 Rf7 26. Rhg1+ Kh7 27.
Bd6 Bd5 28. Ke2 Rg7 29. Rxg7+ Kxg7 30. Rg1+ Kh7 31. Kf2 Bf7 32. e4 fxe4 33.
fxe4 Rg8 34. Rxg8 Kxg8 35. Ke3 Kg7 36. Be5+ Kf8 37. Bb8 a6 38. Kf4 Be6 39. h4
h5 40. a4 Ke8 41. Ke5 Kd7 42. Ba7 b5 43. a5 Bg4 44. Bc5 Bf3 45. Bb4 Bg2 46. d5
cxd5 47. exd5 Bh3 48. Kd4 Kc7 49. Kc5 Bg4 50. Ba3 Bh3 51. Bc1 Bg4 52. Bf4+ Kb7
53. Be5 Bh3 54. Kd6 Bg4 55. Ke7 Kc8 1/2-1/2

[Event "FIDE World Senior Team Championship 2020"]
[Site "Olympik hotel, Sokolovska 138, Prague"]
[Date "2020.03.10"]
[Round "5.1.4"]
[White "Langner, Ladislav"]
[Black "Yermolinsky, Alex"]
[Result "1/2-1/2"]
[WhiteElo "2377"]
[BlackElo "2487"]
[PlyCount "53"]
[WhiteTeam "CZE1"]
[BlackTeam "USA1"]
[EventDate "2020.03.06"]

1. e4 c5 2. c3 d6 3. d4 Nf6 4. Bd3 Nc6 5. Nf3 Bg4 6. Be3 e6 7. Nbd2 Be7 8. h3
Bh5 9. a3 O-O 10. b4 cxd4 11. cxd4 Bg6 12. Qb1 Nd7 13. O-O Rc8 14. Qb3 Nb6 15.
Ne1 e5 16. d5 Nd4 17. Bxd4 exd4 18. f4 f5 19. e5 Rc3 20. Qa2 Bf7 21. e6 Be8 22.
Ndf3 Bf6 23. Bxf5 Bb5 24. Qb1 g6 25. Bxg6 hxg6 26. Qxg6+ Kh8 27. Qh6+ 1/2-1/2

[Event "FIDE World Senior Team Championship 2020"]
[Site "Olympik hotel, Sokolovska 138, Prague"]
[Date "2020.03.10"]
[Round "5.2.1"]
[White "Potapov, Alexander"]
[Black "Graf, Alexander"]
[Result "1-0"]
[WhiteElo "2413"]
[BlackElo "2575"]
[PlyCount "71"]
[WhiteTeam "RUS1"]
[BlackTeam "GER"]
[EventDate "2020.03.06"]

1. d4 d5 2. c4 c6 3. Nf3 Nf6 4. Nc3 e6 5. e3 Nbd7 6. Bd3 Be7 7. O-O O-O 8. b3
b6 9. Bb2 Bb7 10. Qe2 Re8 11. Rfd1 Qc7 12. Rac1 Rad8 13. e4 dxe4 14. Nxe4 c5
15. dxc5 Bxe4 16. Bxe4 Bxc5 17. h3 e5 18. Bd5 e4 19. Nd4 Ne5 20. Nf5 h5 21. Qd2
e3 22. fxe3 Nxd5 23. cxd5 Qd7 24. b4 Bf8 25. e4 b5 26. Qg5 f6 27. Qg3 Bxb4 28.
d6 Ba5 29. Rd5 Kh7 30. Bxe5 Rxe5 31. Rxe5 fxe5 32. Qg5 Qf7 33. Rc6 Rf8 34. g4
hxg4 35. Qh4+ Kg6 36. Ne7+ 1-0

[Event "FIDE World Senior Team Championship 2020"]
[Site "Olympik hotel, Sokolovska 138, Prague"]
[Date "2020.03.10"]
[Round "5.2.3"]
[White "Goriatchkin, Jouri"]
[Black "Levin, Felix"]
[Result "1/2-1/2"]
[WhiteElo "2310"]
[BlackElo "2480"]
[PlyCount "47"]
[WhiteTeam "RUS1"]
[BlackTeam "GER"]
[EventDate "2020.03.06"]

1. d4 Nf6 2. c4 e6 3. g3 d5 4. Bg2 dxc4 5. Nf3 a6 6. O-O Nc6 7. e3 Rb8 8. Nfd2
e5 9. Bxc6+ bxc6 10. dxe5 Ng4 11. Nxc4 Be6 12. Qe2 Bxc4 13. Qxc4 Nxe5 14. Qe4
Qd5 15. Nc3 Qxe4 16. Nxe4 Rb4 17. Nc3 Be7 18. b3 Rb8 19. Rd1 Bf6 20. Rb1 Nf3+
21. Kg2 Nxh2 22. Kxh2 Bxc3 23. Ba3 Rd8 24. Rxd8+ 1/2-1/2

[Event "FIDE World Senior Team Championship 2020"]
[Site "Olympik hotel, Sokolovska 138, Prague"]
[Date "2020.03.10"]
[Round "5.2.4"]
[White "Meister, Jakob"]
[Black "Tolstikh, Nikolay"]
[Result "1/2-1/2"]
[WhiteElo "2427"]
[BlackElo "2320"]
[PlyCount "80"]
[WhiteTeam "GER"]
[BlackTeam "RUS1"]
[EventDate "2020.03.06"]

1. c4 e6 2. Nc3 d5 3. d4 Be7 4. Nf3 Nf6 5. Bg5 h6 6. Bxf6 Bxf6 7. cxd5 exd5 8.
e3 O-O 9. Qc2 Be6 10. Rd1 Nc6 11. a3 Ne7 12. Bd3 Qc8 13. Ne2 Bf5 14. Nf4 Bxd3
15. Rxd3 c6 16. O-O Nf5 17. b4 Nd6 18. a4 a6 19. Rb3 Qd7 20. Nd3 Qf5 21. Rc1
Rfe8 22. Nf4 Qd7 23. h3 Rec8 24. Qd1 Qf5 25. g4 Qd7 26. Kg2 Re8 27. Qd3 g6 28.
Qd1 Bg7 29. Nd3 Kh7 30. Qc2 Rf8 31. Re1 Rae8 32. Rbb1 Re7 33. Re2 Qe8 34. Rg1
Nc4 35. Ree1 Qc8 36. Nf4 Qe8 37. Qd3 Nd6 38. Qc2 Nc4 39. Kf1 Kg8 40. h4 Rxe3
1/2-1/2

[Event "FIDE World Senior Team Championship 2020"]
[Site "Olympik hotel, Sokolovska 138, Prague"]
[Date "2020.03.10"]
[Round "5.3.1"]
[White "Ftacnik, Lubomir"]
[Black "Hebden, Mark L"]
[Result "1/2-1/2"]
[WhiteElo "2513"]
[BlackElo "2444"]
[PlyCount "75"]
[WhiteTeam "SVK"]
[BlackTeam "ENG1"]
[EventDate "2020.03.06"]

1. Nf3 Nf6 2. c4 g6 3. d4 Bg7 4. Nc3 O-O 5. e4 d6 6. Be2 e5 7. O-O exd4 8. Nxd4
Re8 9. f3 Nc6 10. Be3 Nh5 11. Qd2 Nf4 12. Rad1 Nxd4 13. Bxd4 Bxd4+ 14. Qxd4
Nxe2+ 15. Nxe2 b6 16. Nc3 Bb7 17. Rf2 Qg5 18. b4 a5 19. b5 Rad8 20. Nd5 Bxd5
21. cxd5 f5 22. f4 Qh5 23. Re1 fxe4 24. Rfe2 Qf5 25. Rxe4 Rxe4 26. Qxe4 Rf8 27.
g3 Qf7 28. a4 Qg7 29. Kg2 h5 30. Qe6+ Kh7 31. Kh3 Rf6 32. Qe7 Rf7 33. Qg5 Qd4
34. Re6 Qd3 35. Kh4 Qc2 36. Kh3 Qd3 37. Kh4 Qc2 38. Kh3 1/2-1/2

[Event "FIDE World Senior Team Championship 2020"]
[Site "Olympik hotel, Sokolovska 138, Prague"]
[Date "2020.03.10"]
[Round "5.3.2"]
[White "Flear, Glenn C"]
[Black "Stohl, Igor"]
[Result "1/2-1/2"]
[WhiteElo "2420"]
[BlackElo "2470"]
[PlyCount "59"]
[WhiteTeam "ENG1"]
[BlackTeam "SVK"]
[EventDate "2020.03.06"]

1. d4 Nf6 2. c4 e6 3. Nc3 Bb4 4. e3 O-O 5. Bd3 d5 6. Nf3 c5 7. O-O cxd4 8. exd4
dxc4 9. Bxc4 b6 10. Bg5 Bb7 11. Re1 Nbd7 12. Rc1 Rc8 13. Qb3 Bxc3 14. Rxc3 Qe8
15. Nd2 Bd5 16. Qa4 h6 17. Bh4 Bc6 18. Qa3 b5 19. Bb3 Bd5 20. Bxf6 Nxf6 21.
Qxa7 Bxb3 22. axb3 Ra8 23. Qb7 Ra2 24. Rb1 Nd5 25. Rc6 b4 26. Ra6 Rxa6 27. Qxa6
Qd7 28. g3 Ne7 29. Nf3 Nf5 30. Qd3 1/2-1/2

[Event "FIDE World Senior Team Championship 2020"]
[Site "Olympik hotel, Sokolovska 138, Prague"]
[Date "2020.03.10"]
[Round "5.3.3"]
[White "Motuz, Karol"]
[Black "McDonald, Neil"]
[Result "1-0"]
[WhiteElo "2368"]
[BlackElo "2410"]
[PlyCount "127"]
[WhiteTeam "SVK"]
[BlackTeam "ENG1"]
[EventDate "2020.03.06"]

1. Nf3 d5 2. d4 Nf6 3. c4 e6 4. g3 dxc4 5. Bg2 Bd7 6. Ne5 Bc6 7. Nxc6 Nxc6 8.
O-O Qd7 9. e3 O-O-O 10. Nd2 e5 11. Nxc4 exd4 12. Qb3 Nd5 13. Rd1 h5 14. exd4 f6
15. Ne3 Nce7 16. Bd2 h4 17. Ba5 hxg3 18. hxg3 b6 19. Be1 g5 20. a4 c6 21. a5 b5
22. a6 Kb8 23. Rac1 f5 24. Nc4 Bg7 25. Ne5 Bxe5 26. dxe5 Qe6 27. Bb4 Qxe5 28.
Re1 Qc7 29. Bxe7 Nxe7 30. Bxc6 Nxc6 31. Qxb5+ Qb6 32. Qxc6 Rh6 33. Qc3 Rhd6 34.
Re7 Qxa6 35. Qe5 Ka8 36. Qxf5 Rd1+ 37. Re1 Rxc1 38. Rxc1 Qb7 39. Qf6 Re8 40.
Rd1 Rb8 41. Rd8 Qe4 42. Qxg5 Qe1+ 43. Kg2 Qe4+ 44. f3 Qe2+ 45. Kh3 Qxb2 46. g4
Rxd8 47. Qxd8+ Kb7 48. Qe7+ Kb6 49. g5 Qf2 50. Qf6+ Kb5 51. g6 Qf1+ 52. Kh4
Qf2+ 53. Kg5 Qg3+ 54. Kh6 Qh3+ 55. Kg7 a5 56. Qe5+ Kb4 57. Qd4+ Kb3 58. Qd5+
Kb2 59. Kf7 a4 60. g7 Qh7 61. Qe5+ Kb3 62. Qe6+ Ka3 63. Qg6 Qh3 64. Qd3+ 1-0

[Event "FIDE World Senior Team Championship 2020"]
[Site "Olympik hotel, Sokolovska 138, Prague"]
[Date "2020.03.10"]
[Round "5.3.4"]
[White "Plaskett, H James"]
[Black "Petran, Peter"]
[Result "1-0"]
[WhiteElo "2401"]
[BlackElo "2268"]
[PlyCount "73"]
[WhiteTeam "ENG1"]
[BlackTeam "SVK"]
[EventDate "2020.03.06"]

1. e4 g6 2. Nc3 Bg7 3. f4 c6 4. d3 d5 5. Nf3 dxe4 6. dxe4 Qxd1+ 7. Nxd1 Nd7 8.
Bc4 Nc5 9. Nf2 Be6 10. Bxe6 Nxe6 11. c3 Nf6 12. Be3 Nd7 13. O-O-O a5 14. e5 h5
15. Ne4 Bh6 16. g3 O-O-O 17. Rd3 Kc7 18. Rhd1 Nb8 19. c4 Rxd3 20. Rxd3 b6 21.
c5 Nd7 22. cxb6+ Nxb6 23. Bxb6+ Kxb6 24. Rd7 Re8 25. a4 Nc5 26. Nxc5 Kxc5 27.
Kc2 Kb6 28. Nd2 c5 29. Nc4+ Kc6 30. Ra7 Kd5 31. Kd3 Rb8 32. Ne3+ Kc6 33. Nc4
Bf8 34. Ra6+ Kd7 35. Rxa5 e6 36. Ra7+ Ke8 37. a5 1-0

[Event "FIDE World Senior Team Championship 2020"]
[Site "Olympik hotel, Sokolovska 138, Prague"]
[Date "2020.03.10"]
[Round "5.4.1"]
[White "Vltavsky, Vladimir"]
[Black "Matveeva, Svetlana"]
[Result "1/2-1/2"]
[WhiteElo "2212"]
[BlackElo "2375"]
[PlyCount "68"]
[WhiteTeam "CZE4"]
[BlackTeam "RUS2"]
[EventDate "2020.03.06"]

1. e4 c5 2. Nf3 d6 3. c3 Nf6 4. Be2 Nbd7 5. d3 b6 6. O-O Bb7 7. Nbd2 g6 8. Re1
Bg7 9. Nf1 O-O 10. Ng3 Qc7 11. Bf1 e5 12. d4 a6 13. dxe5 dxe5 14. b3 b5 15. Bb2
Rfd8 16. Qc2 Ne8 17. a4 Nd6 18. Red1 f6 19. Be2 Nf8 20. Nd2 h5 21. Ngf1 Bh6 22.
f3 Ne6 23. g3 Bc6 24. axb5 axb5 25. Rxa8 Rxa8 26. Kg2 Nf7 27. Ra1 Rd8 28. Bc1
Qb7 29. Nb1 Bf8 30. Be3 Nd6 31. Nbd2 f5 32. exf5 Nxf5 33. Bf2 Ng5 34. h4 Ne6
1/2-1/2

[Event "FIDE World Senior Team Championship 2020"]
[Site "Olympik hotel, Sokolovska 138, Prague"]
[Date "2020.03.10"]
[Round "5.4.2"]
[White "Grabuzova, Tatiana"]
[Black "Marsalek, Zdenek"]
[Result "1/2-1/2"]
[WhiteElo "2272"]
[BlackElo "2177"]
[PlyCount "147"]
[WhiteTeam "RUS2"]
[BlackTeam "CZE4"]
[EventDate "2020.03.06"]

1. d4 d5 2. c4 c6 3. Nf3 Nf6 4. Nc3 dxc4 5. a4 Bf5 6. Ne5 Nbd7 7. Nxc4 Qc7 8.
g3 e5 9. dxe5 Nxe5 10. Bf4 Nfd7 11. Qd4 f6 12. Rd1 g5 13. Bxe5 Nxe5 14. Bg2 Rd8
15. Qxd8+ Qxd8 16. Rxd8+ Kxd8 17. Nxe5 fxe5 18. Be4 Be6 19. h4 g4 20. O-O Bc5
21. Rd1+ Ke7 22. Bc2 h6 23. Ne4 Bb4 24. f3 Rf8 25. Kg2 Bc4 26. Bd3 Bb3 27. Rc1
gxf3+ 28. exf3 Rd8 29. Bc2 Bd2 30. Rd1 Bxc2 31. Rxd2 Rxd2+ 32. Nxd2 Bxa4 33.
Kh3 Bc2 34. Kg4 Kf6 35. Kh5 Kg7 36. Nc4 Bg6+ 37. Kg4 Kf6 38. f4 h5+ 39. Kf3
exf4 40. Kxf4 Be8 41. Nd6 Bf7 42. Nxb7 Bd5 43. Nc5 Bc4 44. b4 Bf1 45. Nb3 Bh3
46. Nd4 Bg2 47. Nf5 Bf1 48. Ne3 Bd3 49. g4 hxg4 50. Nxg4+ Kg7 51. Ne5 Bb5 52.
Kg5 Kh7 53. h5 Ba4 54. h6 a6 55. Nd7 Bb5 56. Nf6+ Kh8 57. Kf4 Bf1 58. Ke5 Be2
59. Kd6 Bf1 60. Kc5 Be2 61. Kxc6 Bf1 62. Kb6 Be2 63. Kb7 Bf1 64. Ka7 Be2 65.
Kb6 Bf1 66. Nd7 Kh7 67. Nc5 Kxh6 68. Nxa6 Kg7 69. Nc7 Kf7 70. Kc6 Ke7 71. Nb5
Kd8 72. Nd6 Be2 73. Kc5 Kc7 74. Nc4 1/2-1/2

[Event "FIDE World Senior Team Championship 2020"]
[Site "Olympik hotel, Sokolovska 138, Prague"]
[Date "2020.03.10"]
[Round "5.4.3"]
[White "Zahorbensky, Jaroslav"]
[Black "Yakimenko, Alexander A."]
[Result "1/2-1/2"]
[WhiteElo "2098"]
[BlackElo "2149"]
[PlyCount "96"]
[WhiteTeam "CZE4"]
[BlackTeam "RUS2"]
[EventDate "2020.03.06"]

1. e4 e6 2. d4 d5 3. exd5 exd5 4. Bf4 Bd6 5. Bg3 Nf6 6. Bd3 Nc6 7. c3 Bg4 8.
Ne2 Bxg3 9. hxg3 Qe7 10. Nd2 O-O-O 11. f3 Kb8 12. Qc2 Rhe8 13. O-O-O Bf5 14.
Nf4 Bg6 15. Bxg6 hxg6 16. Nb3 b6 17. Qf2 g5 18. Nd3 g4 19. Rde1 Qd6 20. Nd2 Re6
21. Nf4 Rxe1+ 22. Rxe1 Qd7 23. Nf1 Rh8 24. Ne3 g6 25. Nd3 Re8 26. Nxg4 Rxe1+
27. Qxe1 Nxg4 28. fxg4 Kb7 29. Qe2 Qe7 30. Qxe7 Nxe7 31. g5 Kc6 32. Ne5+ Kd6
33. Nxf7+ Ke6 34. Ne5 Kf5 35. Kd2 Kxg5 36. Ke3 Nf5+ 37. Kf3 Nd6 38. Nc6 Nc8 39.
g4 Kf6 40. Kf4 g5+ 41. Ke3 Nd6 42. b3 a5 43. Ne5 Ke6 44. Kd3 Nf7 45. Nxf7 Kxf7
46. c4 c6 47. Kc3 b5 48. a4 b4+ 1/2-1/2

[Event "FIDE World Senior Team Championship 2020"]
[Site "Olympik hotel, Sokolovska 138, Prague"]
[Date "2020.03.10"]
[Round "5.4.4"]
[White "Chudinovskikh, Alexander M"]
[Black "Sykora, Ondrej"]
[Result "1/2-1/2"]
[WhiteElo "2139"]
[BlackElo "2048"]
[PlyCount "99"]
[WhiteTeam "RUS2"]
[BlackTeam "CZE4"]
[EventDate "2020.03.06"]

1. e4 c5 2. Nf3 e6 3. d3 Nc6 4. g3 d6 5. Bg2 g6 6. O-O Bg7 7. c3 Nge7 8. d4
cxd4 9. cxd4 d5 10. e5 O-O 11. Nc3 Nf5 12. Bg5 Qb6 13. Na4 Qc7 14. Rc1 h6 15.
Bd2 Qd8 16. Be1 Bd7 17. g4 Nfe7 18. Nc5 Bc8 19. b4 f6 20. exf6 Bxf6 21. Bd2 b6
22. Nb3 Bg7 23. Re1 a6 24. a4 Bd7 25. a5 Ra7 26. axb6 Qxb6 27. Nc5 Nxb4 28.
Bxb4 Qxb4 29. Nxd7 Rxd7 30. Rxe6 a5 31. Rb1 Qc3 32. Qe2 Qc7 33. Ra6 Rd6 34. Re1
Rf7 35. Ra8+ Kh7 36. Ne5 Re6 37. Ra6 Rff6 38. Rxe6 Rxe6 39. f4 Qc3 40. Qe3
Qxe3+ 41. Rxe3 Rb6 42. Ra3 Rb4 43. Rxa5 Rxd4 44. Ra7 Nc8 45. Rc7 Rxf4 46. Bxd5
Nd6 47. h3 Rd4 48. Bb3 Rd2 49. Nc4 Nxc4 50. Bxc4 1/2-1/2

[Event "FIDE World Senior Team Championship 2020"]
[Site "Olympik hotel, Sokolovska 138, Prague"]
[Date "2020.03.10"]
[Round "5.5.2"]
[White "Vokac, Marek"]
[Black "Plotkin, Victor"]
[Result "0-1"]
[WhiteElo "2348"]
[BlackElo "2339"]
[PlyCount "140"]
[WhiteTeam "CZE2"]
[BlackTeam "CAN"]
[EventDate "2020.03.06"]

1. Nf3 d5 2. b3 Bg4 3. Bb2 Nf6 4. e3 e6 5. h3 Bh5 6. Be2 h6 7. d3 Be7 8. Nbd2
O-O 9. g4 Bg6 10. Ne5 Bh7 11. h4 Nfd7 12. Nef3 e5 13. Nxe5 Nxe5 14. Bxe5 Bxh4
15. Nf3 Bf6 16. d4 Nd7 17. Bf4 Re8 18. Bd3 Be4 19. g5 hxg5 20. Bxe4 dxe4 21.
Nxg5 Bxg5 22. Qh5 f6 23. O-O-O Nf8 24. Bxg5 fxg5 25. Rdg1 Ne6 26. Qh7+ Kf7 27.
Qxe4 c6 28. Rg3 Qd5 29. Qxd5 cxd5 30. Kd2 b5 31. a3 Rh8 32. Rxh8 Rxh8 33. c4
bxc4 34. bxc4 dxc4 35. Kc3 Rc8 36. Rg4 Kf6 37. Re4 g6 38. Re5 Rc7 39. Ra5 g4
40. Ra6 Kf7 41. Ra5 Ng7 42. Rg5 Nh5 43. Rxg4 Nf6 44. Rg1 Nd5+ 45. Kc2 Rb7 46.
Rg3 Rb3 47. Rg5 Rb5 48. Rg3 Nb6 49. Rh3 Kg7 50. Rh4 Na4 51. Re4 Rb2+ 52. Kc1
Rxf2 53. d5 Nb6 54. d6 c3 55. Rd4 Rd2 56. Re4 a5 57. Re5 Rxd6 58. Rxa5 Rd3 59.
Ra7+ Kh6 60. e4 Re3 61. Kc2 Nc4 62. Ra4 Ne5 63. Rd4 Kg5 64. a4 Kf4 65. a5 Rxe4
66. Rxe4+ Kxe4 67. a6 Nc6 68. Kxc3 Kd5 69. Kd3 Nb4+ 70. Ke3 Nxa6 0-1

[Event "FIDE World Senior Team Championship 2020"]
[Site "Olympik hotel, Sokolovska 138, Prague"]
[Date "2020.03.10"]
[Round "5.5.3"]
[White "Findlay, Ian T."]
[Black "Zpevak, Pavel"]
[Result "1-0"]
[WhiteElo "2159"]
[BlackElo "2344"]
[PlyCount "69"]
[WhiteTeam "CAN"]
[BlackTeam "CZE2"]
[EventDate "2020.03.06"]

1. e4 c5 2. Nf3 e6 3. d4 cxd4 4. Nxd4 a6 5. Nc3 Qc7 6. Be2 Nc6 7. Be3 Nf6 8. a3
Be7 9. f4 d6 10. g4 d5 11. e5 Nd7 12. O-O Bc5 13. Kh1 Bxd4 14. Bxd4 Nxd4 15.
Qxd4 Qc5 16. Rad1 Qxd4 17. Rxd4 b6 18. Bf3 Bb7 19. Ne2 O-O-O 20. Rfd1 g5 21.
Re1 Rhg8 22. h4 h6 23. Kh2 f6 24. exf6 Nxf6 25. Kh3 Rdf8 26. Ng3 gxf4 27. Rxf4
Kd7 28. c4 Kd6 29. b4 Nd7 30. Nh5 Rxf4 31. Nxf4 Ne5 32. c5+ bxc5 33. bxc5+ Kxc5
34. Rxe5 Kd4 35. Rxe6 1-0

[Event "FIDE World Senior Team Championship 2020"]
[Site "Olympik hotel, Sokolovska 138, Prague"]
[Date "2020.03.10"]
[Round "5.5.4"]
[White "Vrbata, Zbynek"]
[Black "Barron, Michael"]
[Result "1-0"]
[WhiteElo "2350"]
[BlackElo "2075"]
[PlyCount "191"]
[WhiteTeam "CZE2"]
[BlackTeam "CAN"]
[EventDate "2020.03.06"]

1. d4 f5 2. g3 Nf6 3. Bg2 g6 4. Nf3 Bg7 5. O-O O-O 6. b3 Ne4 7. Bb2 c5 8. Qc1
cxd4 9. Nxd4 e5 10. Nf3 Nc6 11. c4 d5 12. cxd5 Qxd5 13. Nc3 Nxc3 14. Qxc3 Qf7
15. Rfd1 e4 16. Qxg7+ Qxg7 17. Bxg7 Kxg7 18. Nd4 Bd7 19. f3 Nxd4 20. Rxd4 Bc6
21. fxe4 f4 22. Rad1 Rae8 23. Bf3 Re5 24. Kg2 Rf7 25. R1d2 Rf6 26. Rd6 Rf7 27.
R2d4 Rf8 28. Rd8 Rf6 29. h4 Rf7 30. g4 h6 31. Kf2 Rfe7 32. e3 g5 33. exf4 gxf4
34. R8d6 Re8 35. h5 R8e6 36. Rxe6 Rxe6 37. Ke2 Kf6 38. Rd8 Ke5 39. Rg8 Bxe4 40.
Bxe4 Kxe4 41. Kf2 Re7 42. Rg6 Ke5 43. Rxh6 Rc7 44. Rh8 Rc2+ 45. Kf3 Rc3+ 46.
Ke2 f3+ 47. Kd2 f2 48. Rf8 Rg3 49. Rxf2 Rxg4 50. Rh2 Rg7 51. h6 Rh7 52. Kc3 Kd5
53. Rh5+ Ke6 54. Kc4 Kd6 55. Rh2 Ke5 56. a4 Rc7+ 57. Kb5 Rh7 58. Kc4 Rc7+ 59.
Kb5 Rh7 60. b4 Kd5 61. Rh5+ Kd6 62. Kc4 Rc7+ 63. Kd4 Rh7 64. Ke4 Ke6 65. Rh2
Kf6 66. Kf4 Kg6 67. Ke5 Kf7 68. b5 b6 69. Kf5 Kg8 70. Kg6 Rd7 71. Rf2 Rd6+ 72.
Rf6 Rd8 73. Rc6 Kh8 74. Rc7 Rd6+ 75. Kg5 Rd5+ 76. Kf6 Rd6+ 77. Ke5 Rxh6 78.
Rxa7 Kg8 79. Re7 Kf8 80. Re6 Rh4 81. Kd5 Kf7 82. Rxb6 Rxa4 83. Ra6 Rb4 84. Kc5
Rb1 85. Rd6 Ke7 86. Rd2 Rc1+ 87. Kb6 Rb1 88. Kc6 Rc1+ 89. Kb7 Rb1 90. b6 Ke6
91. Kc7 Rc1+ 92. Kb8 Rb1 93. b7 Ke7 94. Ra2 Kd7 95. Ka8 Kc7 96. Rc2+ 1-0

[Event "FIDE World Senior Team Championship 2020"]
[Site "Olympik hotel, Sokolovska 138, Prague"]
[Date "2020.03.10"]
[Round "5.6.1"]
[White "Sokolin, Leonid"]
[Black "Strutinskaia, Galina"]
[Result "1/2-1/2"]
[WhiteElo "2496"]
[BlackElo "2214"]
[PlyCount "146"]
[WhiteTeam "USA2"]
[BlackTeam "RUSW"]
[EventDate "2020.03.06"]

1. e4 c5 2. Nf3 Nc6 3. Bb5 e6 4. O-O Nge7 5. d4 cxd4 6. Nxd4 Qb6 7. Nxc6 Nxc6
8. Nc3 Bb4 9. a4 O-O 10. Bf4 a6 11. Be2 Qd4 12. Bd3 Qf6 13. Bg3 d6 14. Ne2 Bc5
15. c3 e5 16. b4 Bb6 17. Kh1 g5 18. Qd2 Be6 19. Rab1 Ne7 20. a5 Bc7 21. c4 b6
22. axb6 Bxb6 23. Qc3 Nc6 24. f4 gxf4 25. Bxf4 Qg7 26. Bg3 Rfc8 27. Qd2 Bd8 28.
Bf2 Bg5 29. Be3 Bxe3 30. Qxe3 Nd4 31. Rbc1 Rab8 32. c5 Rxb4 33. cxd6 Rd8 34.
Rb1 a5 35. Qc1 Rxd6 36. Qc5 Rxb1 37. Rxb1 Rd8 38. Qxa5 Qg5 39. Ng3 Rc8 40. Qe1
h5 41. Nf1 Rd8 42. Ne3 Kh7 43. Bc4 Nc2 44. Nxc2 Bxc4 45. Ne3 Be6 46. Qe2 Ra8
47. Nd5 Rd8 48. Rf1 Kg7 49. Nc7 Bc8 50. Qc4 Qe7 51. Qc6 Be6 52. Qc3 Ba2 53. h3
h4 54. Qc2 Rc8 55. Qxa2 Rxc7 56. Qd2 Rc6 57. Rf5 Rg6 58. Qc3 Rg5 59. Rf3 Rg6
60. Kh2 Rg5 61. Qd2 Kg6 62. Qf2 Rh5 63. Qb6+ Kg7 64. Qe3 Qg5 65. Qc3 Qg6 66. g4
hxg3+ 67. Rxg3 Rg5 68. h4 Rxg3 69. Qxg3 f6 70. Kh3 Qxg3+ 71. Kxg3 f5 72. exf5
Kf6 73. Kg4 e4 1/2-1/2

[Event "FIDE World Senior Team Championship 2020"]
[Site "Olympik hotel, Sokolovska 138, Prague"]
[Date "2020.03.10"]
[Round "5.6.2"]
[White "Sirotkina, Nina"]
[Black "Dolgitser, Konstantin"]
[Result "1/2-1/2"]
[WhiteElo "2183"]
[BlackElo "2232"]
[PlyCount "93"]
[WhiteTeam "RUSW"]
[BlackTeam "USA2"]
[EventDate "2020.03.06"]

1. d4 d5 2. Bf4 c5 3. e3 cxd4 4. exd4 Nc6 5. c3 Bf5 6. Nf3 e6 7. Bd3 Bxd3 8.
Qxd3 Bd6 9. Bxd6 Qxd6 10. O-O Nge7 11. Re1 O-O 12. Nbd2 b5 13. a3 Rab8 14. Nf1
Na5 15. Ng5 Ng6 16. h4 Qf4 17. g3 Qf6 18. Nh2 h6 19. Ngf3 Nc4 20. Re2 Ne7 21.
Ng4 Qf5 22. Qxf5 Nxf5 23. Nge5 Rb7 24. Nd3 Nfd6 25. Nfe5 Rc7 26. Kg2 Nb7 27. a4
bxa4 28. Rxa4 Nbd6 29. Nxc4 Nxc4 30. Nc5 Re7 31. b4 Nd6 32. Ra5 Rb8 33. Kf3 Nb5
34. Re3 Rb6 35. Ra1 f6 36. Rae1 Kf7 37. Kg2 g5 38. hxg5 hxg5 39. Rh1 Kg7 40.
Rhe1 Kf7 41. g4 Re8 42. Rh1 Kg6 43. Reh3 Rg8 44. Re1 Re8 45. Reh1 Rg8 46. Re1
Re8 47. Reh1 1/2-1/2

[Event "FIDE World Senior Team Championship 2020"]
[Site "Olympik hotel, Sokolovska 138, Prague"]
[Date "2020.03.10"]
[Round "5.7.1"]
[White "Denk, Adolf"]
[Black "Thorhallsson, Throstur"]
[Result "0-1"]
[WhiteElo "2224"]
[BlackElo "2424"]
[PlyCount "72"]
[WhiteTeam "AUT"]
[BlackTeam "ISL"]
[EventDate "2020.03.06"]

1. c4 e6 2. Nf3 d5 3. d4 c6 4. Qc2 Nf6 5. Bg5 Be7 6. e3 Nbd7 7. Nc3 O-O 8. cxd5
exd5 9. Bd3 Re8 10. O-O Nf8 11. Bxf6 Bxf6 12. b4 Bg4 13. b5 Bxf3 14. gxf3 c5
15. dxc5 Rc8 16. Qb3 Rxc5 17. Na4 Rc7 18. Rad1 d4 19. b6 axb6 20. Nxb6 Rc5 21.
Be4 Rh5 22. Kg2 Be5 23. Rh1 Qh4 24. Kf1 dxe3 25. fxe3 Qh3+ 26. Ke2 Rg5 27. Kd3
Ne6 28. Qb5 Rd8+ 29. Kc4 Bd4 30. Nd5 Rc8+ 31. Kb4 Bc5+ 32. Kb3 Bf8 33. Kb2 Nc5
34. Rd2 Nxe4 35. fxe4 Qxe3 36. Re2 Ba3+ 0-1